[Event "Cto. Autonómico por Equipos 2007"]
[Site "Aragón"]
[Date "2007.02.24"]
[Round "5.19"]
[White "Aguirre Izaguirre Pedro Jose"]
[Black "Llanes Luno Pedro Alfredo"]
[Result "1-0"]
[WhiteElo "2268"]
[BlackElo "2154"]

1.c4 g6 2.g3 Bg7 3.Bg2 e5 4.Nc3 Ne7 5.e4 O-O 6.Nge2 d6 7.d3 Bg4 8.f3 Be6 9.Be3
c6 10.O-O Na6 11.b3 c5 12.Qd2 Rb8 13.Nb5 Ra8 14.Rae1 Nb4 15.f4 a6 16.Nbc3 Nbc6
17.Nd5 f6 18.fxe5 Nxe5 19.h3 N7c6 20.Ndf4 Bf7 21.d4 cxd4 22.Nxd4 Nxd4 23.Bxd4
b5 24.cxb5 axb5 25.Nd5 Bxd5 26.exd5 Qa5 27.Rf2 Nd3 28.Bc3 b4 29.Qxd3 bxc3 30.
Rc2 f5 31.Re6 Ra6 32.Kh2 Rfa8 33.Qe3 Qb5 34.Re7 Rf8 35.Bf3 Qb6 36.Qe6+ Kh8 37.
Re2 Qd4 38.Qd7 f4 39.g4 Rg8 40.Re8 Bf8 41.Qc8 Kg7 42.Qxa6 Qf6 43.Qc6 Kh6 44.
Rc8 Qh4 45.Rg2 1-0

[Event "Cto. Autonómico por Equipos 2007"]
[Site "Aragón"]
[Date "2007.02.24"]
[Round "5.20"]
[White "Neila Castillo Miguel Angel"]
[Black "Glaria Murillo Christian"]
[Result "0-1"]
[WhiteElo "2078"]
[BlackElo "2202"]

1.Nf3 Nf6 2.g3 g6 3.b3 Bg7 4.Bb2 O-O 5.Bg2 d6 6.d4 c5 7.O-O cxd4 8.Nxd4 d5 9.
Nd2 Nc6 10.c4 Ne8 11.Nxc6 bxc6 12.Bxg7 Kxg7 13.Ne4 Nc7 14.cxd5 cxd5 15.Rc1 Na6
16.Qd4+ f6 17.Rfd1 e6 18.Ng5 Qb6 19.Qxb6 axb6 20.Rxc8 Rfxc8 21.Nxe6+ Kh8 22.
Bxd5 Ra7 23.Bc4 Nb4 24.a4 Nc6 25.f4 Na5 26.Bd5 Rd7 27.Rd3 Nc6 28.Bc4 Rxd3 29.
Bxd3 Na5 30.b4 Nc6 31.b5 Nb4 32.Kf2 Ra8 33.h4 Rxa4 34.Nc7 Kg7 35.Bc4 Na2 36.
Bd5 Nc3 37.Bc6 Rb4 38.Ke3 Kf7 39.Kd3 Na4 40.Kc2 Rb2+ 41.Kd1 Ke7 42.Nd5+ Ke6
43.Nc7+ Kf5 44.Ke1 g5 45.Bd7+ Ke4 46.hxg5 fxg5 47.Bc6+ Ke3 48.Nd5+ Kd4 49.f5
Ke5 50.Kf2 Kxf5 51.Ne3+ Kf6 52.Ng4+ Ke6 53.Ke3 Nc3 54.Kd3 Nxb5 55.Ne3 Nd6 56.
Bd5+ Ke5 57.Bf3 Rb3+ 58.Kd2 Rxe3 59.Kxe3 Nf5+ 60.Kf2 Nd4 61.Bh5 b5 62.Bf7 b4
63.e3 Ne6 64.Ke2 Nc5 65.Bg8 h5 66.Bf7 b3 67.Kd2 Ne4+ 68.Kd3 b2 69.Kc2 Nxg3 70.
Bg6 h4 71.Kxb2 h3 72.Be8 h2 73.Bc6 Ne4 0-1

[Event "Cto. Autonómico por Equipos 2007"]
[Site "Aragón"]
[Date "2007.02.24"]
[Round "5.21"]
[White "Hernando Garcia Antonio"]
[Black "Glavina Rossi Pablo"]
[Result "0-1"]
[WhiteElo "2209"]
[BlackElo "2452"]

1.Nf3 d5 2.c4 c6 3.cxd5 cxd5 4.d4 Nc6 5.Nc3 Nf6 6.Bf4 Bf5 7.e3 e6 8.Bb5 Nd7 9.
Qa4 Qb6 10.Nh4 Be4 11.Nf3 Bg6 12.O-O Be7 13.Rfc1 O-O 14.Bxc6 bxc6 15.Nd1 Rfc8
16.Ne5 Nxe5 17.Bxe5 f6 18.Bg3 c5 19.Qa3 Rc6 20.dxc5 Bxc5 21.Qc3 Rac8 22.Qd2
Bb4 23.Rxc6 Rxc6 24.Nc3 Bf7 25.Rc1 Ba5 26.a3 Qb3 27.Qc2 Qxc2 28.Rxc2 e5 29.Rc1
d4 30.exd4 exd4 31.Ne2 Rxc1+ 32.Nxc1 Bd2 33.Nd3 Bc4 34.Nc5 Bc1 35.f3 d3 36.Ne4
d2 37.Nf2 Bb3 38.Bf4 d1=Q+ 39.Nxd1 Bxf4 40.Nc3 Bc1 0-1

[Event "Cto. Autonómico por Equipos 2007"]
[Site "Aragón"]
[Date "2007.02.24"]
[Round "5.22"]
[White "Gimenez Martinez Alberto"]
[Black "Chueca Forcen Alberto"]
[Result "0-1"]
[WhiteElo "2066"]
[BlackElo "2110"]

1.e4 d5 2.exd5 Qxd5 3.Nc3 Qa5 4.Bc4 Nf6 5.d3 Bf5 6.Bd2 c6 7.Qe2 e6 8.h3 Bb4 9.
g4 Bg6 10.f4 O-O 11.Qf3 Nbd7 12.a3 Rfe8 13.O-O-O Bf8 14.Nge2 Qc7 15.Ng3 h6 16.
h4 b5 17.Bb3 a5 18.h5 Bh7 19.g5 Nd5 20.g6 fxg6 21.hxg6 Bxg6 22.Qg4 Kh7 23.f5
exf5 24.Nxf5 N7f6 25.Nxd5 cxd5 26.Qh3 Qd7 27.Rdf1 a4 28.Ba2 Ra6 29.Nd4 Qxh3
30.Rxh3 Rb8 31.Bf4 Rb7 32.Be5 Be7 33.Nf3 Rd7 34.Nh4 Ng4 35.Bd4 Bg5+ 36.Kb1 Bf6
37.Bc5 Rc6 38.d4 Bxh4 39.Rxh4 Bxc2+ 40.Kc1 Ne3 41.Rf3 Ng2 42.Rg4 Be4 43.Rfg3
Ne1 44.Kd2 Nf3+ 45.Kc3 Ng5 46.Kb4 Rb7 47.Rxe4 dxe4 48.Bd5 Rcc7 49.Bxb7 Rxb7
50.d5 Kg6 51.Ka5 Kf5 52.Ka6 Rd7 53.d6 Ne6 54.Bb4 Nd4 55.Kb6 Ke5 0-1

[Event "Cto. Autonómico por Equipos 2007"]
[Site "Aragón"]
[Date "2007.02.24"]
[Round "5.23"]
[White "Sarto Ramos Angel"]
[Black "Labena Bernal Antonio"]
[Result "1-0"]
[WhiteElo "2092"]
[BlackElo "2037"]

1.d4 d5 2.Nf3 Nf6 3.Nbd2 Nbd7 4.e3 c5 5.c3 Qc7 6.Bd3 g6 7.O-O Bg7 8.Qe2 O-O 9.
e4 e5 10.dxe5 Nxe5 11.Nxe5 Qxe5 12.f4 Qc7 13.e5 Ng4 14.h3 c4 15.Bb1 Nh6 16.g4
f6 17.Nf3 Nf7 18.e6 Nd6 19.f5 gxf5 20.gxf5 Ne4 21.Bxe4 dxe4 22.Nh2 b5 23.Bf4
Qc5+ 24.Be3 Qc7 25.Ng4 Kh8 26.Bf4 Qc5+ 27.Ne3 Rg8 28.Kh1 Bb7 29.Rg1 Rad8 30.
Rg3 Rd3 31.Rag1 Rdd8 32.Qg2 Qf8 33.Ng4 Rd3 34.Be3 h5 35.Nf2 Rxe3 36.Rxe3 Bh6
37.Qxg8+ Qxg8 38.Rxg8+ Kxg8 39.Nd1 Bxe3 40.Nxe3 Kf8 41.Kg2 Ke7 42.Kg3 Kd6 43.
Kf4 Bc6 44.h4 a5 45.Nf1 Bb7 46.Ng3 e3 47.Kxe3 Ke5 48.Nxh5 Kxf5 49.Ng7+ 1-0

[Event "Cto. Autonómico por Equipos 2007"]
[Site "Aragón"]
[Date "2007.02.24"]
[Round "5.24"]
[White "Ananos Palacios David"]
[Black "Sanmartin Agustin Borja"]
[Result "1-0"]
[WhiteElo "2009"]
[BlackElo "2082"]

1.e4 c5 2.Nf3 d6 3.d4 cxd4 4.Nxd4 Nf6 5.Nc3 Nc6 6.Be3 Ng4 7.Bb5 Nxe3 8.Nxc6
Nxg2+ 9.Kf1 bxc6 10.Bxc6+ Bd7 11.Bxd7+ Qxd7 12.Kxg2 Rb8 13.Rb1 g6 14.Nd5 Bg7
15.c3 O-O 16.Qe2 e6 17.Ne3 Rb5 18.h4 Qb7 19.Nc4 Rd8 20.a4 Rc5 21.b4 Rcc8 22.
Na5 Qd7 23.c4 Qxa4 24.Rhd1 Rd7 25.Qd2 Rb8 26.b5 Qa3 27.Rb3 Qc5 28.Rd3 Rb6 29.
f3 a6 30.Nb3 Qxc4 31.Rc1 Qxb5 32.Rc8+ Bf8 33.Qh6 1-0

[Event "Cto. Autonómico por Equipos 2007"]
[Site "Aragón"]
[Date "2007.02.24"]
[Round "5.25"]
[White "Garza Marco Sergio"]
[Black "Malo Guillen Jose Luis"]
[Result "1-0"]
[WhiteElo "2380"]
[BlackElo "2198"]

1.d4 d5 2.c4 dxc4 3.e3 e5 4.Bxc4 exd4 5.exd4 Nf6 6.Nf3 Bb4+ 7.Nc3 O-O 8.O-O
Bg4 9.h3 Bh5 10.g4 Bg6 11.Ne5 Nbd7 12.f4 Be4 13.Nxe4 Nxe4 14.Nxf7 Qe7 15.a3
Ba5 16.Ng5+ Kh8 17.Qe2 Rae8 18.Qxe4 Qxe4 19.Nxe4 Rxe4 20.Bd5 Rxd4 21.Bxb7 Bb6
22.Be3 Rdxf4 23.Rfe1 g5 24.Rad1 Bxe3+ 25.Rxe3 Nb6 26.Rc1 Rc4 27.Rxc4 Nxc4 28.
Re7 Nd6 29.Bd5 Rc8 30.Kf2 h6 31.b3 Rf8+ 32.Ke3 Re8 33.Rxe8+ Nxe8 34.Kd4 Kg7
35.Kc5 Kf6 36.Kc6 Ke5 37.a4 Kd4 38.a5 Kc3 39.a6 Kb4 40.Kb7 Kc5 41.Kxa7 1-0

[Event "Cto. Autonómico por Equipos 2007"]
[Site "Aragón"]
[Date "2007.02.24"]
[Round "5.26"]
[White "Alonso Blasco Jose Miguel"]
[Black "Fontana Sotomayour Luis Javier"]
[Result "0-1"]
[WhiteElo "2320"]
[BlackElo "2107"]

1.e4 c6 2.d4 d5 3.exd5 cxd5 4.Bd3 Nc6 5.c3 Qc7 6.h3 e6 7.Nf3 Bd6 8.O-O Nge7 9.
Re1 Bd7 10.Nbd2 f6 11.c4 O-O-O 12.a3 dxc4 13.Nxc4 Nd5 14.b4 Nce7 15.Be3 Kb8
16.Rc1 Rc8 17.Qd2 Nxe3 18.Nxe3 Qd8 19.Nc4 Bc7 20.b5 Nd5 21.Rb1 g5 22.a4 h5 23.
g3 g4 24.Nh4 gxh3 25.a5 Rg8 26.b6 Bf4 27.bxa7+ Kxa7 28.Qb2 Qc7 29.Nb6 Bxg3 30.
Nxd5 Bxh4+ 31.Kf1 exd5 32.Re7 h2 33.Rxd7 h1=Q+ 34.Ke2 Rge8+ 0-1

[Event "Cto. Autonómico por Equipos 2007"]
[Site "Aragón"]
[Date "2007.02.24"]
[Round "5.27"]
[White "Fandino Roquelina"]
[Black "Querol Soro Sergio"]
[Result "1-0"]
[WhiteElo "2104"]
[BlackElo "1979"]

1.e4 c5 2.c3 Nc6 3.Nf3 g6 4.Bb5 Bg7 5.O-O d6 6.Re1 Nf6 7.e5 dxe5 8.Nxe5 O-O 9.
Bxc6 bxc6 10.Nxc6 Qd6 11.Nxe7+ Kh8 12.Nxc8 Raxc8 13.Na3 Rfe8 14.Nc4 Qd3 15.
Rxe8+ Rxe8 16.Qf1 Re2 17.b3 Ne4 18.f3 Nxc3 19.Bb2 Nd5 20.Bxg7+ Kxg7 21.Re1 Nf4
22.Rxe2 Qxe2 23.g3 Qxf1+ 24.Kxf1 Nd3 25.a3 Kf6 26.Na5 Ke6 27.Ke2 Ne5 28.f4 Nd7
29.Ke3 Kd5 30.Nc4 h5 31.h3 f6 32.Kd3 Nf8 33.Ne3+ Kc6 34.Kc4 g5 35.Nd5 gxf4 36.
Nxf4 h4 37.gxh4 Nh7 38.b4 cxb4 39.axb4 Kd6 40.d4 f5 41.Kb5 1-0

[Event "Cto. Autonómico por Equipos 2007"]
[Site "Aragón"]
[Date "2007.02.24"]
[Round "5.28"]
[White "Artal Alegria Francisco Javier"]
[Black "Maza Broto Pablo"]
[Result "0-1"]
[WhiteElo "1966"]
[BlackElo "1981"]

1.e4 c6 2.d4 d5 3.Nc3 dxe4 4.Nxe4 Nd7 5.Nf3 Ngf6 6.Ng3 e6 7.Bd3 Bd6 8.O-O Qc7
9.c3 b6 10.Re1 O-O 11.Ne4 Bf4 12.Neg5 h6 13.Nh3 Bd6 14.g3 e5 15.dxe5 Nxe5 16.
Nxe5 Bxh3 17.Nc4 Rad8 18.Qc2 b5 19.Nxd6 Qxd6 20.Bf5 Bxf5 21.Qxf5 Qd5 22.Re5
Qd1+ 23.Kg2 Rd5 24.Rxd5 Nxd5 25.Bxh6 Qxa1 26.Qg5 Ne3+ 27.Qxe3 gxh6 28.Qxh6 Qb1
29.Qxc6 Qd3 30.Qc5 Re8 31.Qg5+ Qg6 32.Qxb5 Qe4+ 33.Kg1 Re6 34.Qb8+ Kh7 35.Qxa7
Qf3 0-1

[Event "Cto. Autonómico por Equipos 2007"]
[Site "Aragón"]
[Date "2007.02.24"]
[Round "5.29"]
[White "Valles Mata David"]
[Black "Ramiro Ovejero Juan Luis"]
[Result "1/2-1/2"]
[WhiteElo "2130"]
[BlackElo "2299"]

1.e4 d6 2.d4 Nf6 3.Nc3 Nbd7 4.f4 e5 5.Nf3 exd4 6.Qxd4 c6 7.Be3 d5 8.exd5 Bc5
9.Qd3 Qe7 10.Nd4 Nb6 11.dxc6 bxc6 12.Be2 Ba6 13.Qd2 Nbd5 14.Nxd5 Nxd5 15.Nf5
Bxe3 16.Nxe7 Bxd2+ 17.Kxd2 Kxe7 18.Bxa6 Nxf4 19.Rhe1+ Ne6 20.Bc4 Rad8+ 21.Kc3
Rd6 22.Re2 Rhd8 23.Rae1 Rd1 24.b4 Rxe1 25.Rxe1 Kf6 26.Bxe6 fxe6 27.Rf1+ Ke7
28.a4 Rd5 29.Rf4 g5 30.Rf3 h5 31.Rd3 Kd6 32.Kd2 Kc7 33.c4 Rf5 34.Kc3 Rf2 35.
Rg3 g4 36.h3 Rf4 37.hxg4 hxg4 38.Rd3 Re4 39.a5 Re2 40.Rg3 Re4 41.Rd3 Re2 42.
Rg3 1/2-1/2

[Event "Cto. Autonómico por Equipos 2007"]
[Site "Aragón"]
[Date "2007.02.24"]
[Round "5.30"]
[White "Cerrajeria Ruiz Jesus Maria"]
[Black "Sig Vargas Marcos"]
[Result "1-0"]
[WhiteElo "2207"]
[BlackElo "2101"]

1.g3 f5 2.e4 fxe4 3.d3 exd3 4.Bxd3 g6 5.h4 e6 6.h5 Qf6 7.hxg6 hxg6 8.Bxg6+ Kd8
9.Rxh8 Qxh8 10.Qf3 Qe5+ 11.Kf1 Nf6 12.Nh3 Be7 13.Nc3 c6 14.Ng5 Qc5 15.Be3 Qc4+
16.Kg1 d6 17.Rd1 Qg4 18.Qh1 c5 19.Bf4 e5 20.f3 Qd7 21.Bxe5 Ne8 22.Nf7+ Kc7 23.
Nd5+ Kc6 24.Bf5 Bf8 25.Bxd7+ Bxd7 26.Nd8+ 1-0

[Event "Cto. Autonómico por Equipos 2007"]
[Site "Aragón"]
[Date "2007.02.24"]
[Round "5.31"]
[White "Guetas Sanchez Hugo"]
[Black "Alonso Fernandez Revuelta Rodri"]
[Result "1-0"]
[WhiteElo "2085"]
[BlackElo "2184"]

1.e4 e6 2.d3 d5 3.Nd2 Nf6 4.Ngf3 c5 5.g3 Be7 6.Bg2 Nc6 7.O-O Qc7 8.Re1 b6 9.c3
Bb7 10.a3 O-O-O 11.b4 dxe4 12.dxe4 Ne5 13.Nxe5 Qxe5 14.Qc2 Rd7 15.Nc4 Qh5 16.
Bf4 g5 17.Be5 Rhd8 18.Bxf6 Bxf6 19.bxc5 bxc5 20.e5 Be7 21.Rab1 Bxg2 22.Kxg2
Rd3 23.Nd6+ R8xd6 24.exd6 Qf3+ 25.Kg1 Bxd6 26.Qa4 Kd8 27.Red1 c4 28.Rxd3 cxd3
29.Qd4 Ke7 30.Qxa7+ Kf6 31.Qd4+ Be5 32.Qe3 Qxe3 33.fxe3 Bxc3 34.Rd1 d2 35.Kf2
Ke5 36.Ke2 Bb2 37.a4 Bc1 38.a5 Kd5 39.e4+ Kc6 40.Rf1 f5 41.exf5 exf5 42.Rxf5
Kb7 43.Kd1 1-0

[Event "Cto. Autonómico por Equipos 2007"]
[Site "Aragón"]
[Date "2007.02.24"]
[Round "5.32"]
[White "Lana Rodriguez David"]
[Black "Sig Vargas Pablo"]
[Result "1-0"]
[WhiteElo "2123"]
[BlackElo "1903"]

1.e4 e5 2.d4 exd4 3.Qxd4 Nc6 4.Qe3 d6 5.Nc3 Nf6 6.Bc4 Be7 7.Qg3 Nh5 8.Qe3 Nf6
9.Nge2 Be6 10.Bxe6 fxe6 11.Nf4 Qd7 12.Qh3 Nd4 13.Qd3 e5 14.Nfd5 Nxd5 15.Nxd5
O-O 16.c3 Ne6 17.Be3 Kh8 18.O-O-O Bg5 19.f3 Bxe3+ 20.Qxe3 Nf4 21.Nxf4 Rxf4 22.
Rd2 Qe6 23.Kb1 a5 24.g3 Rf6 25.f4 g6 26.Re1 b6 27.fxe5 dxe5 28.Red1 Raf8 29.
Qd3 Kg7 30.Qd7+ Qxd7 31.Rxd7+ R6f7 32.Kc2 Rxd7 33.Rxd7+ Rf7 34.Rxf7+ Kxf7 35.
Kd3 Ke6 36.Kc4 c6 37.a4 Kd6 38.b4 h6 39.h3 h5 40.h4 axb4 41.cxb4 Kc7 42.Kb3
Kb7 43.Kc3 Ka6 44.Kc4 Kb7 45.b5 Kc7 46.Kb4 Kb7 47.a5 c5+ 48.Ka4 bxa5 49.Kxa5
Kc7 50.b6+ Kc6 51.Ka6 c4 52.b7 1-0

[Event "Cto. Autonómico por Equipos 2007"]
[Site "Aragón"]
[Date "2007.02.24"]
[Round "5.37"]
[White "Andres Terrado Miguel Angel"]
[Black "Jario Garcia Ricardo Javier"]
[Result "1-0"]
[WhiteElo "2161"]
[BlackElo "2135"]

1.Nf3 e6 2.g3 Nf6 3.Bg2 Be7 4.d3 d5 5.b3 c5 6.O-O Nc6 7.Bb2 O-O 8.e3 b5 9.Nbd2
Rb8 10.Ne5 Nxe5 11.Bxe5 Rb6 12.f4 Bb7 13.Qe2 Nd7 14.Bb2 Bf6 15.Bxf6 Qxf6 16.e4
Qc3 17.Nf3 c4 18.Rad1 Nc5 19.exd5 Bxd5 20.dxc4 bxc4 21.Ne5 Bxg2 22.Kxg2 Ra6
23.Rf3 Qb4 24.c3 Qa5 25.b4 Qxa2 26.Rd2 Qb1 27.bxc5 f6 28.Nxc4 e5 29.fxe5 Ra1
30.Rf1 1-0

[Event "Cto. Autonómico por Equipos 2007"]
[Site "Aragón"]
[Date "2007.02.24"]
[Round "5.38"]
[White "Fabre Perez Jose Maria"]
[Black "Jaques Burguete Raul"]
[Result "0-1"]
[WhiteElo "2089"]
[BlackElo "2124"]

1.e4 Nc6 2.Nf3 d5 3.exd5 Qxd5 4.Nc3 Qh5 5.Nb5 Kd8 6.d4 Bg4 7.Bf4 a6 8.Nxc7 Rc8
9.d5 Ne5 10.Ne6+ Ke8 11.Qd4 Nxf3+ 12.gxf3 fxe6 13.Qa4+ Kf7 14.fxg4 Qxd5 15.Rg1
Nf6 16.Bd3 g5 17.O-O-O gxf4 18.g5 Qc6 19.Qxf4 Qc7 20.Qh4 h5 21.gxf6 exf6 22.
Bg6+ Ke7 23.Qb4+ Qc5 24.Qxb7+ Rc7 25.Qxa6 Bh6+ 26.Kb1 Rb8 27.Qd3 Bf4 28.Bxh5
Rxb2+ 29.Kxb2 Rb7+ 30.Qb3 Rxb3+ 31.axb3 Be5+ 32.Kb1 f5 33.f4 Bc3 34.Rg8 Qa3
35.Re8+ Kf6 36.Rf8+ Kg7 37.Rf7+ Kh6 0-1

[Event "Cto. Autonómico por Equipos 2007"]
[Site "Aragón"]
[Date "2007.02.24"]
[Round "5.39"]
[White "Navarro Alonso Jorge Luis"]
[Black "Gaspar Calvo Luis Alberto"]
[Result "1-0"]
[WhiteElo "2113"]
[BlackElo "1930"]

1.e4 e5 2.Nf3 Nc6 3.Bc4 Nf6 4.d3 Bc5 5.a3 O-O 6.Bg5 h6 7.Bh4 d6 8.Nbd2 Bg4 9.
h3 Be6 10.c3 d5 11.exd5 Bxd5 12.Bxf6 gxf6 13.Nh4 Bxc4 14.Nf5 Ne7 15.Qg4+ Ng6
16.Nxc4 Qxd3 17.Rd1 h5 18.Rxd3 hxg4 19.hxg4 Nf4 20.Rg3 Rfd8 21.g5 fxg5 22.
Rxg5+ Ng6 23.Nxe5 Re8 24.f4 Bd6 25.Nh6+ Kf8 26.Nxf7 Bxe5 27.Nxe5 Nxf4 28.O-O
1-0

[Event "Cto. Autonómico por Equipos 2007"]
[Site "Aragón"]
[Date "2007.02.24"]
[Round "5.40"]
[White "Ruiperez Ramon"]
[Black "Pellicer Coloma Pedro"]
[Result "1/2-1/2"]
[WhiteElo "1625"]
[BlackElo "2007"]

1.e4 c5 2.b4 cxb4 3.a3 d5 4.e5 Bf5 5.d4 Nc6 6.axb4 e6 7.c3 Qb6 8.b5 Nb8 9.Bd3
Ne7 10.g4 Bg6 11.f4 Nd7 12.Nf3 Rc8 13.Bxg6 hxg6 14.Qd3 Ng8 15.f5 gxf5 16.gxf5
exf5 17.Qxf5 Ne7 18.Qd3 Ng6 19.Rxa7 Qxa7 20.e6 Ne7 21.exd7+ Kxd7 22.Ne5+ Ke8
23.O-O f6 24.Ng6 Nxg6 25.Qxg6+ Kd8 26.Rxf6 Rxc3 27.Rxf8+ Rxf8 28.Qd6+ Ke8 29.
Qe6+ Kd8 30.Bg5+ Kc7 31.Qe7+ Kb6 32.Qd6+ Ka5 33.b6 Rf1+ 34.Kxf1 Qa6+ 35.Kf2
Rc2+ 36.Bd2+ Kb5 37.Qxd5+ Ka4 38.Nc3+ Kb4 39.Qc5+ Kb3 40.Qd5+ Kb4 41.Nb1+ Ka4
42.Nc3+ Kb4 1/2-1/2

[Event "Cto. Autonómico por Equipos 2007"]
[Site "Aragón"]
[Date "2007.02.24"]
[Round "5.41"]
[White "Garcia Ramon Ricardo1"]
[Black "Martinez Catalin Francisco Javier"]
[Result "0-1"]
[WhiteElo "2099"]
[BlackElo "2240"]

1.Nf3 Nf6 2.g3 d5 3.Bg2 c5 4.d3 Nc6 5.Bg5 e6 6.Nbd2 Be7 7.O-O h6 8.Bxf6 Bxf6
9.c3 O-O 10.Qc2 b6 11.e4 Bb7 12.exd5 exd5 13.Rfe1 Qd7 14.Nf1 Rad8 15.Rad1 d4
16.h3 h5 17.N1h2 Qf5 18.g4 Qg6 19.Qd2 dxc3 20.bxc3 Ba6 21.Re3 Rd6 22.gxh5 Qxh5
23.Ng4 Bd8 24.d4 cxd4 25.cxd4 Bc8 26.Nge5 Bxh3 27.Nxc6 Bxg2 28.Kxg2 Rxc6 29.
Rh1 Rg6+ 0-1

[Event "Cto. Autonómico por Equipos 2007"]
[Site "Aragón"]
[Date "2007.02.24"]
[Round "5.42"]
[White "Pellicer Cemeli Jose Luis"]
[Black "Forcen Esteban Daniel"]
[Result "1/2-1/2"]
[WhiteElo "2043"]
[BlackElo "2083"]

1.d4 Nf6 2.c4 g6 3.Nc3 Bg7 4.e4 d6 5.Be2 O-O 6.Bg5 Nbd7 7.Qd2 e5 8.d5 Nc5 9.f3
a5 10.h4 a4 11.Nh3 c6 12.Nf2 cxd5 13.cxd5 Bd7 14.g4 Qa5 15.Rb1 Rfc8 16.Ncd1
Qc7 17.Bh6 Na6 18.Bxg7 Kxg7 19.h5 Be8 20.Ne3 a3 21.Nf5+ gxf5 22.Qg5+ Kf8 23.
Qxf6 fxg4 24.h6 axb2 25.Rh5 Qd8 26.Qg7+ Ke7 27.Rxe5+ dxe5 28.Qxe5+ Kf8 29.Qg7+
1/2-1/2

[Event "Cto. Autonómico por Equipos 2007"]
[Site "Aragón"]
[Date "2007.02.24"]
[Round "5.43"]
[White "Antolin Concha Diego"]
[Black "Felez Casedas Carlos"]
[Result "1-0"]
[WhiteElo "1954"]
[BlackElo "2010"]

1.e4 c5 2.Nc3 Nc6 3.Nf3 e6 4.d4 cxd4 5.Nxd4 d6 6.Be3 Nf6 7.Qd2 Be7 8.f3 a6 9.
O-O-O Qc7 10.g4 Nxd4 11.Bxd4 e5 12.Be3 Be6 13.g5 Nd7 14.Nd5 Bxd5 15.Qxd5 Rc8
16.Rd2 Qc6 17.Bh3 Qxd5 18.Rxd5 Rd8 19.Rhd1 O-O 20.Bxd7 Rxd7 21.Rxe5 f6 22.gxf6
Bxf6 23.Red5 Be7 24.f4 Rc7 25.f5 Rfc8 26.c3 b5 27.a3 Rc4 28.Bd4 Rb8 29.Rg1 Bf8
30.Kd2 Kf7 31.Kd3 Rc6 32.h4 Re8 33.h5 Rc7 34.Rc1 Rec8 35.b3 Be7 36.c4 Rc6 37.
Rc3 Bf6 38.a4 bxa4 39.bxa4 Rb8 40.c5 dxc5 41.Rcxc5 Rb3+ 42.Kc4 Rxc5+ 43.Rxc5
Rb7 44.Bxf6 Kxf6 45.Rc6+ Ke5 46.Rxa6 Kxe4 47.f6 g6 48.hxg6 hxg6 49.Re6+ Kf5
50.Re7 Rb8 51.f7 Rf8 52.a5 Kf6 53.Rb7 g5 54.a6 g4 55.Kd3 Kg7 56.a7 g3 57.Ke3
Rc8 58.f8=Q+ 1-0

[Event "Cto. Autonómico por Equipos 2007"]
[Site "Aragón"]
[Date "2007.02.24"]
[Round "5.44"]
[White "Puertolas Serena Arturo"]
[Black "Garcia Monterde Francisco Jose"]
[Result "0-1"]
[WhiteElo "1886"]
[BlackElo "1920"]

1.e4 c6 2.d4 g6 3.Nf3 Bg7 4.Nc3 d5 5.exd5 cxd5 6.Bb5+ Nc6 7.Be3 Nh6 8.Bxh6
Bxh6 9.Ne5 Bd7 10.Nxd7 Qxd7 11.Ne2 O-O 12.c3 Qc7 13.Ba4 a6 14.Bc2 Rad8 15.O-O
b5 16.Qd3 Qb6 17.h4 Na5 18.h5 Nc4 19.hxg6 hxg6 20.Qh3 Kg7 21.Ng3 Qf6 22.Qg4
Qg5 23.Qxg5 Bxg5 24.b3 Nd6 25.Bd3 Bd2 26.Ne2 Rc8 27.Rfd1 Bxc3 28.Rac1 Bb2 29.
Rc5 e6 30.a4 Ba3 31.Rxc8 Rxc8 32.Ra1 Bb4 33.axb5 axb5 34.Ra6 Kf6 35.Rb6 Nf5
36.Rxb5 Ba3 37.g3 Bb2 38.Rb4 Ra8 39.Kg2 Ra1 40.Kf3 Rd1 41.Bxf5 Kxf5 42.Ke3 g5
43.Rb7 f6 44.Rb6 e5 45.dxe5 fxe5 46.Kf3 g4+ 47.Kg2 Rd2 48.Kf1 d4 49.Rb8 d3 50.
Rf8+ Ke4 51.Ng1 Rd1+ 52.Kg2 Rxg1+ 53.Kxg1 d2 0-1

[Event "Cto. Autonómico por Equipos 2007"]
[Site "Aragón"]
[Date "2007.02.24"]
[Round "5.46"]
[White "Cobo Israel"]
[Black "Gonzalez Gambau Jorge"]
[Result "0-1"]
[WhiteElo "1969"]
[BlackElo "2020"]

1.e4 c6 2.d4 d5 3.e5 Bf5 4.Nf3 e6 5.Be2 c5 6.Be3 Qb6 7.Nc3 Nc6 8.O-O c4 9.Rb1
Qd8 10.Bg5 Be7 11.Bxe7 Ngxe7 12.Nb5 Nc8 13.b3 a6 14.Nc3 cxb3 15.axb3 Nb4 16.
Ne1 h5 17.Nd3 Nxd3 18.Bxd3 Ne7 19.Na4 g6 20.Nc5 Qc7 21.Ra1 O-O 22.Qd2 Bxd3 23.
Qxd3 Nf5 24.c3 Rfc8 25.g3 b6 26.Na4 Qc6 27.Kg2 Kg7 28.h3 Rh8 29.Qd2 a5 30.Qg5
Ra7 31.Qf6+ Kg8 32.Rac1 Rb7 33.Rh1 Ng7 34.g4 h4 35.f4 Qc7 36.Rhg1 Kf8 37.Kf3
Qe7 38.Qxe7+ Kxe7 39.Rb1 Ra8 40.b4 axb4 41.Rxb4 Rab8 42.Rgb1 Ne8 43.Nc5 Ra7
44.Rxb6 Rc8 45.Ke3 Ra3 46.Rb7+ Kf8 47.R1b3 Rxb3 48.Rxb3 Ng7 49.Ke2 Ne8 50.Kd3
Nc7 51.Kc2 Ra8 52.Kb2 Kg7 53.Nd3 Ra7 54.Ne1 Ra8 55.Nf3 Rf8 56.Rb7 Ne8 57.Ng5
Kg8 58.Kb3 Ng7 59.Nf3 Ra8 60.Kb2 Rc8 61.Nxh4 Ne8 62.Nf3 Rc7 63.Rxc7 Nxc7 64.
Kb3 Na8 65.Kb4 Kf8 66.Kb5 Nc7+ 67.Kb6 Ne8 68.Nd2 Ke7 69.Kc6 Kd8 70.c4 dxc4 71.
Nxc4 Nc7 72.Ne3 Ne8 73.d5 exd5 74.Nxd5 Ng7 75.Ne3 Ne6 76.Ng2 Ke7 77.Kd5 Ng7
78.h4 Kd7 79.Ne3 Ne6 80.f5 Ng7 81.Ke4 Ke8 82.Kf4 Kf8 83.Kg5 gxf5 84.gxf5 Kg8
85.Ng4 Kh8 86.Nf6 0-1

[Event "Cto. Autonómico por Equipos 2007"]
[Site "Aragón"]
[Date "2007.02.24"]
[Round "5.47"]
[White "Yanez Acin Gonzalo"]
[Black "Gayan Miguel Angel"]
[Result "1-0"]
[WhiteElo "1982"]
[BlackElo "1917"]

1.e4 e6 2.d4 d5 3.Nd2 Nf6 4.e5 Nfd7 5.Bd3 c5 6.c3 b6 7.Ne2 Be7 8.O-O O-O 9.Nf3
Bb7 10.Be3 Nc6 11.Rc1 Rc8 12.Bb1 Ba6 13.Re1 Re8 14.a3 Na5 15.Qc2 Nf8 16.Ba2
Nc4 17.Bxc4 Bxc4 18.Qd1 Ng6 19.Nd2 Bxe2 20.Qxe2 Bg5 21.Nf3 Be7 22.g3 c4 23.h4
Nf8 24.Kg2 b5 25.Bg5 a5 26.Ra1 Ra8 27.Bd2 Qb6 28.Reb1 Ra6 29.Ne1 Rea8 30.Nc2
Nd7 31.Qg4 Nb8 32.h5 Nc6 33.Bh6 Bf8 34.Bxg7 Bxg7 35.h6 Kf8 36.Qxg7+ Ke7 37.
Qxh7 Qd8 38.Qg7 Qh8 39.Qxh8 Rxh8 40.Rh1 Rh7 41.g4 f6 42.f4 Ra8 43.exf6+ Kxf6
44.Ne3 Ne7 45.g5+ Kg6 46.Rae1 Rf8 47.Kg3 Re8 48.Ng4 Ng8 49.Ne5+ Kf5 50.Nf3 Kg6
51.Re5 Kf7 52.Rhe1 Ne7 53.Nh4 Rhh8 54.Kg4 Nc6 55.R5e2 Nd8 56.Nf3 Nc6 57.Ne5+
Nxe5+ 58.Rxe5 Rhg8 59.f5 exf5+ 60.Kxf5 1-0

[Event "Cto. Autonómico por Equipos 2007"]
[Site "Aragón"]
[Date "2007.02.24"]
[Round "5.48"]
[White "Gimeno Diaz Fernando"]
[Black "Abos Rosico Antonio"]
[Result "0-1"]
[WhiteElo "1881"]
[BlackElo "1957"]

1.d4 d5 2.Nf3 Nf6 3.c4 e6 4.Nc3 c6 5.Bg5 Nbd7 6.e3 Be7 7.Qc2 O-O 8.Bd3 dxc4 9.
Bxc4 Nd5 10.Bxe7 Qxe7 11.O-O Nxc3 12.bxc3 g6 13.e4 b5 14.Bd3 Bb7 15.Nd2 a6 16.
f4 c5 17.Rf3 cxd4 18.cxd4 Rac8 19.Qb3 Nb6 20.Rg3 Qf6 21.Rf1 Qxd4+ 22.Kh1 Rc3
23.Qb1 Rd8 24.Nb3 Qd6 25.e5 Qb4 26.f5 exf5 27.Rxf5 Be4 28.Bxe4 Qxe4 29.Rxg6+
hxg6 30.Qxe4 Rd1+ 0-1

[Event "Cto. Autonómico por Equipos 2007"]
[Site "Aragón"]
[Date "2007.02.24"]
[Round "5.45"]
[White "Horton Justin"]
[Black "Laliena Solares Luis"]
[Result "0-1"]
[WhiteElo "2140"]
[BlackElo "2175"]

1.Nf3 d5 2.c4 e6 3.d4 Nf6 4.g3 dxc4 5.Bg2 c5 6.O-O Nc6 7.Ne5 Bd7 8.Nxc6 Bxc6
9.Bxc6+ bxc6 10.Qa4 Qb6 11.dxc5 Bxc5 12.Qxc4 Qb5 13.Qc2 Be7 14.b3 O-O 15.Na3
Qh5 16.f3 Rfd8 17.Nc4 Nd5 18.Bb2 Qh3 19.Rad1 h5 20.e4 Nb4 21.Qc3 f6 22.a3 Bc5+
23.Ne3 Na6 24.b4 Bb6 25.e5 f5 26.Kh1 f4 27.gxf4 Rxd1 0-1

[Event "Cto. Autonómico por Equipos 2007"]
[Site "Aragón"]
[Date "2007.02.24"]
[Round "5.49"]
[White "Sanchez Herrera Miguel"]
[Black "Galvez Perez Jose Luis"]
[Result "1-0"]
[WhiteElo "2210"]
[BlackElo "2125"]

1.d4 d6 2.c4 e5 3.Nf3 e4 4.Ng5 f5 5.h4 Nf6 6.Nc3 c6 7.Bf4 h6 8.Nh3 Be6 9.e3
Nbd7 10.Be2 Bf7 11.Qc2 Be7 12.O-O-O O-O 13.Rdg1 d5 14.f3 Qa5 15.g4 exf3 16.g5
Ne4 17.Bxf3 b5 18.gxh6 g6 19.h5 g5 20.Bxg5 Bxg5 21.Bxe4 fxe4 22.Qg2 Kh8 23.
Qxg5 Rg8 24.Qe7 b4 25.Qxf7 bxc3 26.Rg7 Nf6 27.Qxf6 1-0

[Event "Cto. Autonómico por Equipos 2007"]
[Site "Aragón"]
[Date "2007.02.24"]
[Round "5.50"]
[White "Carraminana Lopez Luis Antonio"]
[Black "Carruez Berges Santiago"]
[Result "0-1"]
[WhiteElo "1967"]
[BlackElo "2119"]

1.e4 g6 2.d4 Bg7 3.g3 d6 4.Bg2 Nf6 5.Nc3 O-O 6.Nge2 e5 7.h3 Nc6 8.Be3 exd4 9.
Nxd4 Re8 10.O-O Bd7 11.f4 Nxd4 12.Bxd4 Bc6 13.Qd3 Qd7 14.Rad1 b5 15.e5 Nh5 16.
Bxc6 Qxc6 17.Qxb5 Qxb5 18.Nxb5 dxe5 19.fxe5 Nxg3 20.Rfe1 Re7 21.Nxa7 Nf5 22.
Bf2 Rxe5 23.Rxe5 Bxe5 24.b3 Bg3 25.Bc5 Re8 26.Nb5 Re2 27.Nc3 Bh2+ 0-1

[Event "Cto. Autonómico por Equipos 2007"]
[Site "Aragón"]
[Date "2007.02.24"]
[Round "5.51"]
[White "Fernandez Urrutia Gallo Carlos"]
[Black "Garcia Lopez Alberto J"]
[Result "0-1"]
[WhiteElo "2076"]
[BlackElo "1965"]

1.d4 Nf6 2.Nf3 g6 3.c4 Bg7 4.Nc3 O-O 5.Bg5 d6 6.g3 h6 7.Bd2 c6 8.Bg2 Nbd7 9.
O-O e5 10.dxe5 dxe5 11.e4 Qc7 12.Qc1 Kh7 13.b4 Nb6 14.c5 Nc4 15.Rd1 Be6 16.Bf1
Rfd8 17.Be1 b5 18.Rxd8 Rxd8 19.a4 a6 20.axb5 axb5 21.Nd2 Nxd2 22.Bxd2 Qd7 23.
Be1 Bh3 24.Be2 Qd4 25.Qb2 Qd7 26.Ra6 Qe6 27.Bxb5 Nxe4 28.Be2 Nxc3 29.Bxc3 Rd1+
30.Bxd1 Qd5 31.f3 Qxd1+ 0-1